Politics among nations : the struggle for power and peace.

Gorde:
Xehetasun bibliografikoak
Egile nagusia: Morgenthau, Hans J. (autor)
Formatua: Liburua
Hizkuntza:ingelesa
Edizioa:4a edición
Gaiak:
Etiketak: Etiketa erantsi
Etiketarik gabe, Izan zaitez lehena erregistro honi etiketa jartzen!

MARC

LEADER 00000cam^a2200000uu^4500
001 000467961
005 20250521000000.0
008 050901s1967^^^^^^^^^^^^rd^r^^000^0^eng^d
009 20260310124459.601
035 |a FCE 000010695 
035 |a FCE 031921 
037 |a Acervo ITESO - Biblioteca 
041 |a eng 
082 0 4 |a 320.4  |b MORp 
100 |a Morgenthau, Hans J.  |e (autor) 
245 1 0 |a Politics among nations :  |b the struggle for power and peace. 
250 |a 4a edición 
264 |a Nueva York, EUA :  |b Alferd A.Knopf,  |c 1967. 
300 |a 615 p. 
336 |a texto  |b txt  |2 rdacontenido 
337 |a sin mediación  |b n  |2 rdamedio 
338 |a volumen  |b nc  |2 rdasoporte 
649 |a XX 
650 |a Países desarrollados 
650 |a Países en desarrollo 
650 |a Teoría 
650 |a Opinión pública 
650 |a Política nacional 
650 |a Política internacional 
650 |a Poder 
650 |a Siglo veinte 
650 |a Paz 
910 |a Fondo Centro de Estudios Educativos 
920 |a Impresos - Libros 
930 |a Fondos Especiales 
905 |a 133 
901 |a ALE031921  |b IT2  |c CEE  |u 20250521 
902 |a https://opac.biblio.iteso.mx/vufind/Record/000467961